| 000 | 00480nam a2200193Ia 4500 | ||
|---|---|---|---|
| 005 | 20140311163150.0 | ||
| 008 | 140130s9999 xx 000 0 und d | ||
| 020 | _a0439067545 | ||
| 050 |
_aQL 576.2 _b.R63 2003 |
||
| 100 |
_aRobinson, Fay _920804 |
||
| 245 |
_cRobinson, Fay _aCreepy Beetles / |
||
| 260 |
_bScholastic, _c2003 _aNew York : |
||
| 300 |
_a32 p. : _bcol. ill. ; _c23 cm. |
||
| 440 | _v1 | ||
| 521 | _aG2 | ||
| 526 | _c300 | ||
| 942 |
_cBK _2lcc |
||
| 999 |
_c42227 _d42227 |
||